00378pab a2200133 454500008004000000100001700040245005200057260000900109300001200118650003300130650002800163650002000191773003300211180718b2000 xxu||||| |||| 00| 0 eng d aSun, Haishun aEconomic growth and regional disparity in China c2000 ap.43-66 aRegional disparities - China aEconomic growth - China aEconomic growth aRegional Development Studies